|
|
|
|
| LEADER |
00000nbm0a2200000 4500 |
| 001 |
128783 |
| 005 |
20231101220132.0 |
| 035 |
|
|
|a (RuTPU)RU\TPU\book\139374
|
| 090 |
|
|
|a 128783
|
| 100 |
|
|
|a 20080114d1973 k y0rusy50 ca
|
| 101 |
0 |
|
|a rus
|
| 102 |
|
|
|a RU
|
| 105 |
|
|
|a a m 001zy
|
| 200 |
1 |
|
|a Закономерности формирования объемного заряда в щелочногалоидных кристаллах и влияние на него радиационной обработки
|e Диссертация на соискание ученой степени физико-математических наук
|e Спец. 01.04.10
|f Г. М. Малофиенко
|g Томский политехнический институт ; науч. рук. Е. К. Завадовская , Ю. М. Анненков
|
| 210 |
|
|
|a Томск
|d 1973
|
| 215 |
|
|
|a 207 л.
|c ил.
|
| 320 |
|
|
|a Библиогр.: с. 193-205 ( 219 назв.)
|
| 606 |
1 |
|
|a Щелочно-галоидные кристаллы
|x Действие ионизирующих излучений
|2 stltpush
|3 (RuTPU)RU\TPU\subj\80305
|9 88030
|
| 610 |
1 |
|
|a объемный заряд
|
| 610 |
1 |
|
|a радиационная обработка
|
| 610 |
1 |
|
|a твердые диэлектрики
|
| 610 |
1 |
|
|a радиационное излучение
|
| 610 |
1 |
|
|a ионные кристаллы
|
| 610 |
1 |
|
|a электрическое поле
|
| 610 |
1 |
|
|a методика
|
| 610 |
1 |
|
|a эксперименты
|
| 610 |
1 |
|
|a диссертации
|
| 675 |
|
|
|a 548.312(04)
|v 3
|
| 686 |
|
|
|a 01.04.10
|2 oksvnk
|
| 700 |
|
1 |
|a Малофиенко
|b Г. М.
|g Григорий Михайлович
|
| 702 |
|
1 |
|a Завадовская
|b Е. К.
|g Екатерина Константиновна
|4 727
|
| 702 |
|
1 |
|a Анненков
|b Ю. М.
|4 727
|
| 712 |
0 |
2 |
|a Томский политехнический институт
|z 1944-1991
|2 stltpush
|3 (RuTPU)RU\TPU\col\1123
|
| 801 |
|
1 |
|a RU
|b 63413507
|c 20080114
|g PSBO
|
| 801 |
|
2 |
|a RU
|b 63413507
|c 20200818
|g PSBO
|
| 942 |
|
|
|c BK
|